[Event "Tournoi Skype 013A"]
[Site "Skype"]
[Date "????.??.??"]
[Round "3.16"]
[White "Mishra, Om"]
[Black "Holtz, Steve"]
[Result "1-0"]
[WhiteElo "1709"]
[BlackElo "1503"]
[PlyCount "47"]

1. e4 e5 2. Nf3 Nc6 3. Bb5 Nf6 4. Bxc6 dxc6 5. O-O Bg4 6. h3 Bh5 7. Nc3 Bd6 8.
Re1 h6 9. d4 exd4 10. e5 dxc3 11. exf6+ Kd7 12. Ne5+ Kc8 13. Qxh5 Qxf6 14. Nxf7
Rf8 15. Re8+ Kd7 16. Rxa8 Rxa8 17. b3 Rf8 18. Qg4+ Ke8 19. Nxd6+ cxd6 20. Be3
d5 21. Re1 Qe7 22. Bd2 cxd2 23. Rxe7+ Kxe7 24. Qe2+ 1-0

[Event "Tournoi Skype 013A"]
[Site "Skype"]
[Date "????.??.??"]
[Round "3.18"]
[White "Legueltel, Daniel"]
[Black "Carballo, Jorge"]
[Result "0-1"]
[WhiteElo "1649"]
[BlackElo "1499"]
[PlyCount "48"]

1. d4 Nf6 2. c4 c5 3. d5 b5 4. cxb5 a6 5. bxa6 Bxa6 6. Nc3 d6 7. e3 Bxf1 8.
Kxf1 g6 9. Nf3 Nbd7 10. g3 Bg7 11. Kg2 O-O 12. Qc2 Ng4 13. h3 Nge5 14. Nxe5
Nxe5 15. b3 Qc7 16. Bb2 Rfc8 17. Nb5 Qb7 18. Nc3 c4 19. Rhd1 Nd3 20. e4 Nxb2
21. Qxb2 cxb3 22. Rd3 Qb4 23. axb3 Rxa1 24. Qxa1 Bxc3 0-1

[Event "Tournoi Skype 013A"]
[Site "Skype"]
[Date "????.??.??"]
[Round "3.19"]
[White "Joshi, Aryan"]
[Black "Bujko, Imrich"]
[Result "1/2-1/2"]
[WhiteElo "1499"]
[BlackElo "1499"]
[PlyCount "30"]

1. e4 c5 2. Nf3 Nc6 3. d4 cxd4 4. Nxd4 e6 5. Nc3 d6 6. Bb5 Bd7 7. Nxc6 Bxc6 8.
Bxc6+ bxc6 9. O-O Nf6 10. Bg5 Be7 11. f4 O-O 12. Qf3 Rb8 13. b3 Qa5 14. Ne2
Qc5+ 15. Kh1 d5 1/2-1/2

[Event "Tournoi Skype 013A"]
[Site "Skype"]
[Date "????.??.??"]
[Round "3.20"]
[White "Loyarte, Frederic"]
[Black "Grib, Johannes"]
[Result "1/2-1/2"]
[WhiteElo "1547"]
[BlackElo "1435"]
[PlyCount "58"]

1. d4 d5 2. c4 Nf6 3. Nc3 c6 4. Bf4 e6 5. c5 Nbd7 6. Nf3 b6 7. b4 bxc5 8. bxc5
Qa5 9. Qb3 Ne4 10. Bd2 Rb8 11. Qc2 Nxd2 12. Nxd2 e5 13. e3 Be7 14. Be2 exd4 15.
exd4 Bf6 16. Nf3 Nxc5 17. O-O O-O 18. Rab1 Bg4 19. Rfd1 Rxb1 20. Nxb1 Ne6 21.
Qxc6 Qxa2 22. h3 Bxf3 23. Bxf3 Nxd4 24. Qxd5 Nxf3+ 25. Qxf3 h6 26. Nc3 Bxc3 27.
Qxc3 a5 28. Ra1 Qd5 29. Qxa5 Qd4 1/2-1/2

[Event "Tournoi Skype 013A"]
[Site "Skype"]
[Date "????.??.??"]
[Round "3.21"]
[White "Trivedi, Viral"]
[Black "Altinok, Kerim"]
[Result "0-1"]
[WhiteElo "1509"]
[BlackElo "1883"]
[PlyCount "96"]

1. e4 c6 2. d4 d5 3. Nd2 dxe4 4. Nxe4 Bf5 5. Ng3 Bg6 6. h4 h6 7. Nh3 Nf6 8. Nf4
Bh7 9. Nfh5 Nbd7 10. Bd3 Nxh5 11. Nxh5 Bxd3 12. Qxd3 Qa5+ 13. Bd2 Qxh5 14. Qg3
Rc8 15. Qb3 Qb5 16. Qxb5 cxb5 17. c3 e6 18. a3 Bd6 19. g4 O-O 20. g5 h5 21. Rg1
g6 22. O-O-O b4 23. axb4 Bxb4 24. Kb1 Bd6 25. f4 Rfd8 26. Be3 Nb6 27. d5 Nxd5
28. Bxa7 Bxf4 29. Rgf1 Be3 30. Bxe3 Nxe3 31. Rxd8+ Rxd8 32. Rf4 Kf8 33. Rb4 Rd7
34. Rd4 Rxd4 35. cxd4 Nf5 36. Kc1 Nxh4 37. Kd1 Nf5 38. Ke2 Nxd4+ 39. Kf2 h4 40.
Kg2 e5 41. b4 e4 42. b5 e3 43. b6 e2 44. Kh3 e1=Q 45. Kh2 Nf3+ 46. Kg2 Qe2+ 47.
Kh3 Qh2+ 48. Kg4 Qg3# 0-1

[Event "Tournoi Skype 013A"]
[Site "Skype"]
[Date "????.??.??"]
[Round "3.22"]
[White "Grimwood, Robert"]
[Black "Bourdeau, Yvan"]
[Result "0-1"]
[WhiteElo "1487"]
[BlackElo "1634"]
[PlyCount "54"]

1. d4 Nf6 2. Nf3 e6 3. c4 b6 4. Nc3 Bb7 5. Bf4 Bb4 6. e3 O-O 7. Bd3 d5 8. O-O
Bd6 9. Bg5 Nbd7 10. cxd5 exd5 11. Qc2 g6 12. Rac1 Qb8 13. Nb5 c6 14. Nxd6 Qxd6
15. Bf4 Qe7 16. h3 Ne4 17. Nd2 f5 18. f3 Nd6 19. Rce1 c5 20. b3 Rae8 21. e4
fxe4 22. fxe4 dxe4 23. Bxd6 Qxd6 24. Qc4+ Bd5 25. Nxe4 Rxf1+ 26. Rxf1 Rxe4 27.
Qc2 Re8 0-1

[Event "Tournoi Skype 013A"]
[Site "Skype"]
[Date "????.??.??"]
[Round "3.23"]
[White "Karia, Vijay"]
[Black "Hague, Mark"]
[Result "1-0"]
[WhiteElo "1540"]
[BlackElo "1442"]
[PlyCount "33"]

1. e4 c6 2. d4 d5 3. Nc3 dxe4 4. Nxe4 Bf5 5. Ng3 Bg6 6. h4 e6 7. h5 Bf5 8. Nxf5
exf5 9. Nf3 Bb4+ 10. c3 Be7 11. Bc4 Nh6 12. Qb3 Qd7 13. Bxh6 gxh6 14. Ne5 Qc8
15. Bxf7+ Kd8 16. Be6 Nd7 17. Nf7+ 1-0

[Event "Tournoi Skype 013A"]
[Site "Skype"]
[Date "????.??.??"]
[Round "3.25"]
[White "Le Brun, Yves"]
[Black "Murolo, Antonio"]
[Result "0-1"]
[WhiteElo "1589"]
[BlackElo "1499"]
[PlyCount "76"]

1. Nf3 d5 2. e3 c6 3. c4 e6 4. Be2 Nf6 5. O-O Be7 6. Nc3 O-O 7. d4 Nbd7 8. Qc2
h6 9. Bd3 dxc4 10. Bxc4 b5 11. Bd3 a6 12. a3 Re8 13. e4 Nf8 14. e5 N6h7 15. Be3
Bd7 16. Rad1 Rc8 17. Ne4 f5 18. Nc5 Bxc5 19. dxc5 Qe7 20. g3 Red8 21. b4 Be8
22. Be2 Bg6 23. Nh4 Qf7 24. Bf4 Bh5 25. Rd6 Bxe2 26. Qxe2 Rxd6 27. cxd6 g5 28.
Ng2 gxf4 29. Nxf4 Nd7 30. Nd3 Ng5 31. f4 Ne4 32. Rc1 Qe8 33. Kg2 Qg6 34. Kh3 h5
35. Ne1 Qg4+ 36. Qxg4+ hxg4+ 37. Kg2 c5 38. bxc5 Rxc5 0-1

[Event "Tournoi Skype 013A"]
[Site "Skype"]
[Date "????.??.??"]
[Round "3.26"]
[White "Meaney, Mike"]
[Black "Briere, Jean"]
[Result "1-0"]
[WhiteElo "1503"]
[BlackElo "1554"]
[PlyCount "67"]

1. e4 e5 2. Nf3 Nc6 3. d4 exd4 4. Bc4 h6 5. c3 dxc3 6. Qd5 Qf6 7. e5 Qe6 8. Qd3
Qg6 9. Qxg6 fxg6 10. Nxc3 Nge7 11. O-O b6 12. Rd1 Bb7 13. e6 d6 14. Be3 O-O-O
15. a4 Nf5 16. Re1 Nxe3 17. Rxe3 Be7 18. Nd5 Rhf8 19. Bb5 Rde8 20. a5 Rf5 21.
Bxc6 Bxc6 22. Nxe7+ Rxe7 23. axb6 axb6 24. Nd4 Rc5 25. Nxc6 Rxc6 26. Ra8+ Kb7
27. Ra1 Rc2 28. b4 Kc6 29. Rb1 Kb5 30. g3 Rc4 31. Rbe1 Kxb4 32. Rf3 Rxe6 33.
Rxe6 Rc1+ 34. Kg2 1-0

[Event "Tournoi Skype 013A"]
[Site "Skype"]
[Date "????.??.??"]
[Round "3.27"]
[White "Saidi, Bhen"]
[Black "Dubois, Real"]
[Result "1-0"]
[WhiteElo "1452"]
[BlackElo "1543"]
[PlyCount "99"]

1. d4 d5 2. c4 e6 3. e3 c6 4. Nf3 Be7 5. Bd3 Nf6 6. O-O O-O 7. Nc3 c5 8. dxc5
Bxc5 9. a3 dxc4 10. Bxc4 a6 11. b4 Be7 12. Qc2 b5 13. Bd3 Bb7 14. Rd1 Qc7 15.
e4 g6 16. g3 e5 17. Bb2 Nbd7 18. Qb3 Qb8 19. Nd5 Nxd5 20. exd5 Bd6 21. Re1 Re8
22. Be4 Qa7 23. Rac1 Rac8 24. Rxc8 Rxc8 25. Rc1 Rxc1+ 26. Bxc1 Nf6 27. Be3 Qb8
28. Qd3 Ng4 29. Bg5 f6 30. Bxf6 Nxf6 31. Bxg6 Qf8 32. Bf5 Bxd5 33. Bxh7+ Kg7
34. Qg6+ Kh8 35. Ng5 Qg7 36. Qf5 Qe7 37. Qc8+ Kg7 38. Bf5 Ng8 39. Ne6+ Bxe6 40.
Bxe6 Qxe6 41. Qxe6 Be7 42. Qxe5+ Bf6 43. Qd6 Ne7 44. Qxa6 Nf5 45. Qxb5 Nd4 46.
Qd3 Kf7 47. b5 Ne6 48. b6 Nc5 49. Qd5+ Ne6 50. Qd7+ 1-0

[Event "Tournoi Skype 013A"]
[Site "Skype"]
[Date "????.??.??"]
[Round "4.1"]
[White "Patra Kumar, Subhendu"]
[Black "Deville, Olivier"]
[Result "1-0"]
[WhiteElo "1671"]
[BlackElo "1896"]
[PlyCount "57"]

1. Nf3 c5 2. g3 Nc6 3. Bg2 e5 4. e4 g6 5. O-O Bg7 6. d3 Nge7 7. Nbd2 O-O 8. a4
d6 9. Nc4 h6 10. Be3 f5 11. Qc1 g5 12. exf5 Nxf5 13. Nfd2 Nfd4 14. Qd1 Be6 15.
c3 Nf5 16. a5 Qd7 17. Qa4 Rf7 18. a6 d5 19. axb7 Qxb7 20. Na5 Nxa5 21. Qxa5
Qxb2 22. Rfb1 Qc2 23. Ra2 Qxd3 24. Bf1 Qxb1 25. Nxb1 d4 26. cxd4 exd4 27. Bc1
c4 28. Re2 Re8 29. Rxe6 1-0

[Event "Tournoi Skype 013A"]
[Site "Skype"]
[Date "????.??.??"]
[Round "4.2"]
[White "Plourde, Alain"]
[Black "Yildirim, Cagri"]
[Result "1/2-1/2"]
[WhiteElo "1878"]
[BlackElo "1499"]
[PlyCount "91"]

1. d4 d5 2. c4 e5 3. dxe5 d4 4. Nf3 Nc6 5. e3 Bb4+ 6. Bd2 dxe3 7. fxe3 Nh6 8.
Nc3 Ng4 9. a3 Bc5 10. Nd5 O-O 11. b4 Bb6 12. Be2 Be6 13. Qb3 Ncxe5 14. Nxe5
Nxe5 15. O-O c6 16. Nxb6 axb6 17. Bc3 Qg5 18. Bxe5 Qxe5 19. Rac1 b5 20. Qc3
Qxc3 21. Rxc3 bxc4 22. Ra1 b5 23. a4 Rfc8 24. a5 c5 25. bxc5 b4 26. Rcc1 Rxc5
27. a6 b3 28. Rc3 Bf5 29. Rxc4 Rxc4 30. Bxc4 b2 31. Rd1 b1=Q 32. Rxb1 Bxb1 33.
Kf2 Bf5 34. Kf3 Kf8 35. e4 Bc8 36. Kf4 Bxa6 37. Bd5 Rb8 38. g4 Rb4 39. Ke5 Ke7
40. h4 Bb7 41. Bxb7 Rxb7 42. g5 Rb6 43. h5 f6+ 44. Kf4 fxg5+ 45. Kxg5 Kf7 46.
Kf5 1/2-1/2

[Event "Tournoi Skype 013A"]
[Site "Skype"]
[Date "????.??.??"]
[Round "4.3"]
[White "Altinok, Selim"]
[Black "Auger, Bertrand"]
[Result "0-1"]
[WhiteElo "1875"]
[BlackElo "2057"]
[PlyCount "100"]

1. d4 Nf6 2. Nf3 e6 3. c4 b6 4. g3 Bb7 5. Bg2 Bb4+ 6. Bd2 Be7 7. Nc3 Ne4 8.
Nxe4 Bxe4 9. O-O O-O 10. Rc1 c5 11. Bc3 d5 12. cxd5 exd5 13. dxc5 bxc5 14. e3
Qb6 15. Ne5 Bxg2 16. Kxg2 Rd8 17. Qh5 Qe6 18. Rfd1 Nc6 19. Nxc6 Qxc6 20. Qf3
Rac8 21. Rd2 d4 22. Qxc6 Rxc6 23. Bxd4 Rb6 24. Bc3 Rxd2 25. Bxd2 Rxb2 26. Bc3
Rxa2 27. Rb1 f6 28. Rb7 Kf7 29. Rc7 g5 30. e4 Ke6 31. Rc8 a5 32. Ra8 a4 33.
Ra6+ Kf7 34. e5 fxe5 35. Bxe5 g4 36. Rh6 a3 37. Rxh7+ Ke6 38. Bh8 Rc2 39. Rh6+
Kd5 40. Rg6 Rc4 41. Ra6 Rc2 42. Rxa3 c4 43. Ra4 Bc5 44. Ra5 Rxf2+ 45. Kg1 Ra2+
46. Rxc5+ Kxc5 47. Be5 Kd5 48. Bg7 Ke4 49. Bc3 Kd3 50. Be5 c3 0-1

[Event "Tournoi Skype 013A"]
[Site "Skype"]
[Date "????.??.??"]
[Round "4.5"]
[White "Hervais, Adrien"]
[Black "Karlsen, Christian"]
[Result "0-1"]
[WhiteElo "2069"]
[BlackElo "1714"]
[PlyCount "60"]

1. e4 c5 2. Nf3 Nc6 3. Bb5 e5 4. Bxc6 bxc6 5. Nxe5 Qe7 6. d4 d6 7. Nxc6 Qxe4+
8. Qe2 Qxe2+ 9. Kxe2 Ba6+ 10. Kd1 Kd7 11. Na5 cxd4 12. Nb3 d3 13. c3 Nf6 14.
Be3 g6 15. Bd4 Be7 16. Nc1 Rhb8 17. b3 Ng4 18. f3 Nh6 19. Kd2 Nf5 20. Bf2 Bg5+
21. Kd1 Be3 22. Be1 Bxc1 23. Kxc1 Re8 24. g4 Ne3 25. Na3 Bb7 26. Kd2 Bxf3 27.
Rg1 Nxg4 28. Kxd3 Re3+ 29. Kd2 Re2+ 30. Kd3 Ne5+ 0-1

[Event "Tournoi Skype 013A"]
[Site "Skype"]
[Date "????.??.??"]
[Round "4.6"]
[White "Segura Lozano, Marcos Antonio"]
[Black "Mishra, Om"]
[Result "1-0"]
[WhiteElo "1989"]
[BlackElo "1709"]
[PlyCount "63"]

1. d4 Nf6 2. c4 d5 3. Nf3 Bf5 4. g3 h6 5. Bg2 e6 6. O-O Be7 7. Nc3 O-O 8. Ne5
c6 9. cxd5 exd5 10. Qb3 Qc7 11. Bf4 Bd6 12. Rac1 Be6 13. Nb5 Qe7 14. Nxd6 Qxd6
15. Ng6 Qd7 16. Nxf8 Kxf8 17. Qa3+ Kg8 18. Bxb8 Rxb8 19. Qxa7 Qc8 20. a3 Ra8
21. Qb6 Ra6 22. Qb4 Bh3 23. Rc5 g5 24. Ra5 Rxa5 25. Qxa5 Bxg2 26. Kxg2 g4 27.
f3 Qe6 28. Qd2 h5 29. Rc1 Nd7 30. Rc3 f5 31. Qg5+ Kf7 32. Kf2 1-0

[Event "Tournoi Skype 013A"]
[Site "Skype"]
[Date "????.??.??"]
[Round "4.7"]
[White "Meyer, Eric"]
[Black "Hilton, Stephen"]
[Result "0-1"]
[WhiteElo "1755"]
[BlackElo "1952"]
[PlyCount "64"]

1. d4 Nf6 2. c4 g6 3. Nc3 d5 4. cxd5 Nxd5 5. e4 Nxc3 6. bxc3 Bg7 7. Be3 c5 8.
Bc4 O-O 9. Ne2 Nc6 10. O-O Qa5 11. Qb3 cxd4 12. cxd4 e6 13. Rab1 a6 14. Rfd1 b5
15. Bd3 Bd7 16. a3 Rfc8 17. Kf1 Qd8 18. Rbc1 Be8 19. Bb1 Na5 20. Qd3 Nc4 21.
Ba2 Nb2 22. Qb3 Nxd1 23. Rxd1 Qh4 24. Ng3 Qxh2 25. Bg5 h6 26. Be7 g5 27. d5 Rc3
28. Qb1 b4 29. Bxb4 Bb5+ 30. Ke1 Qg1+ 31. Kd2 Qxf2+ 32. Ne2 Qxe2# 0-1

[Event "Tournoi Skype 013A"]
[Site "Skype"]
[Date "????.??.??"]
[Round "4.9"]
[White "Salazar Ticeran, Antonio"]
[Black "De Leener, Luc"]
[Result "1-0"]
[WhiteElo "1868"]
[BlackElo "1634"]
[PlyCount "53"]

1. e4 c5 2. Nf3 Nc6 3. Bb5 a6 4. Bxc6 dxc6 5. h3 e6 6. c4 Be7 7. Nc3 Nf6 8. e5
Nd7 9. d3 Qc7 10. Bf4 O-O 11. O-O b5 12. Re1 Rd8 13. Ng5 Bxg5 14. Bxg5 f6 15.
exf6 Nxf6 16. Bxf6 gxf6 17. Ne4 Qe7 18. Qf3 f5 19. Ng3 Qf6 20. Qxc6 Bd7 21.
Qxc5 bxc4 22. dxc4 Qxb2 23. Nh5 Be8 24. Rab1 Qxa2 25. Nf6+ Kf7 26. Rb7+ Kxf6
27. Qe7+ 1-0

[Event "Tournoi Skype 013A"]
[Site "Skype"]
[Date "????.??.??"]
[Round "4.10"]
[White "Ergin, Ahmet"]
[Black "Rico Hernandez, Edgar"]
[Result "1/2-1/2"]
[WhiteElo "1711"]
[BlackElo "1850"]
[PlyCount "69"]

1. e4 c6 2. d4 d5 3. exd5 cxd5 4. c4 Nf6 5. Nc3 e6 6. cxd5 Nxd5 7. Bc4 Nxc3 8.
bxc3 Qc7 9. Qd3 Nd7 10. Nf3 Bd6 11. Ng5 Nf6 12. Bb5+ Bd7 13. Bxd7+ Qxd7 14. O-O
O-O 15. Re1 h6 16. Ne4 Be7 17. Nxf6+ Bxf6 18. Rb1 b6 19. Re4 Rfd8 20. Bf4 Rac8
21. Rb3 Qd5 22. h3 e5 23. Bxe5 Bxe5 24. Rb5 Qxa2 25. Rbxe5 Qa1+ 26. Re1 Qa3 27.
R5e3 g6 28. Qd2 Qd6 29. Re7 Qa3 30. Qxh6 Qxc3 31. Qh4 Kg7 32. Qf4 Qc4 33. Rxa7
Rxd4 34. Qe5+ Kg8 35. Rb7 1/2-1/2

[Event "Tournoi Skype 013A"]
[Site "Skype"]
[Date "????.??.??"]
[Round "4.11"]
[White "Brun, Jacques"]
[Black "Murgia, Stefano"]
[Result "1-0"]
[WhiteElo "1831"]
[BlackElo "1681"]
[PlyCount "107"]

1. e4 e5 2. Nf3 Nc6 3. Bb5 Nd4 4. Bd3 Nxf3+ 5. Qxf3 Qf6 6. Qe2 Bc5 7. O-O h5 8.
Nc3 c6 9. Nd1 Nh6 10. h3 d6 11. Ne3 g5 12. f3 Be6 13. Kh2 O-O-O 14. c3 Qg6 15.
b4 Bb6 16. Bc4 g4 17. Bxe6+ fxe6 18. Nc4 Bc7 19. d3 gxf3 20. gxf3 Ng4+ 21. Kh1
Nf6 22. Rg1 Qf7 23. Bg5 Rdf8 24. Raf1 d5 25. Nd2 h4 26. Bxf6 Qxf6 27. a4 Rhg8
28. Rg4 Bd8 29. Rfg1 Rxg4 30. fxg4 Qh6 31. Nf3 Qf4 32. Rf1 Qg3 33. Qg2 Qf4 34.
Nd2 Qh6 35. Rxf8 Qxf8 36. Qf3 Qxf3+ 37. Nxf3 Bf6 38. c4 dxc4 39. dxc4 Kd7 40.
g5 Bg7 41. Nxh4 a5 42. bxa5 Kd6 43. Kg2 Kc5 44. Kf3 Kxc4 45. Ke3 Kb4 46. Nf3 c5
47. Kd3 Kb3 48. Nd2+ Kxa4 49. a6 bxa6 50. Kc4 Bf8 51. g6 Ka3 52. Nb3 Ka2 53.
Nxc5 a5 54. h4 1-0

[Event "Tournoi Skype 013A"]
[Site "Skype"]
[Date "????.??.??"]
[Round "4.12"]
[White "Casey, Eamonn"]
[Black "Sanchez Munoz, Carlos Andres"]
[Result "0-1"]
[WhiteElo "1662"]
[BlackElo "1790"]
[PlyCount "112"]

1. d4 d5 2. c4 c6 3. Nf3 Nf6 4. Nc3 e6 5. Bg5 h6 6. Bh4 Nbd7 7. e3 Be7 8. cxd5
Nxd5 9. Bxe7 Qxe7 10. Nxd5 exd5 11. Bd3 Nf6 12. O-O O-O 13. Ne5 c5 14. b3 cxd4
15. exd4 g6 16. Bxg6 fxg6 17. Nxg6 Qg7 18. Nxf8 Kxf8 19. Re1 Ne4 20. Qd3 Kg8
21. Qe3 Bd7 22. Rac1 Rf8 23. Rc2 Bf5 24. Rb2 Rc8 25. Qf4 Bh3 26. Qf3 Bg4 27.
Qf4 h5 28. Qe5 Qf7 29. h3 Re8 30. Qh2 Bd7 31. Rd1 Nc3 32. Qg3+ Qg7 33. Qxc3 Rc8
34. Qg3 Qxg3 35. fxg3 Bf5 36. Re2 Be4 37. Rde1 Rc3 38. Kf2 Rd3 39. Rxe4 dxe4
40. Rxe4 Rd2+ 41. Kf3 Rxa2 42. Re2 Ra3 43. Re3 Ra5 44. Rd3 Rf5+ 45. Ke3 a5 46.
d5 Kf7 47. Rd4 Re5+ 48. Kf3 Ke7 49. Re4 Kd6 50. Rxe5 Kxe5 51. g4 hxg4+ 52. Kxg4
Kxd5 53. h4 Ke6 54. Kg5 b5 55. h5 Kf7 56. h6 a4 0-1

[Event "Tournoi Skype 013A"]
[Site "Skype"]
[Date "????.??.??"]
[Round "4.13"]
[White "Bourdeau, Yvan"]
[Black "Carballo, Jorge"]
[Result "1-0"]
[WhiteElo "1634"]
[BlackElo "1499"]
[PlyCount "47"]

1. e4 e5 2. Nf3 Nc6 3. d4 exd4 4. Nxd4 d6 5. Bb5 Bd7 6. Nxc6 bxc6 7. Bc4 Nf6 8.
Bg5 Be7 9. Nc3 Nxe4 10. Nxe4 Bxg5 11. Bxf7+ Kxf7 12. Qh5+ g6 13. Nxg5+ Kg7 14.
Qh4 h6 15. Qd4+ Qf6 16. Qxf6+ Kxf6 17. Ne4+ Ke5 18. Ng3 Rae8 19. Kd2 Re6 20.
Rhe1+ Kd5 21. Rxe6 Bxe6 22. Re1 Re8 23. Ne2 Bf5 24. Nf4+ 1-0

[Event "Tournoi Skype 013A"]
[Site "Skype"]
[Date "????.??.??"]
[Round "4.14"]
[White "Altinok, Kerim"]
[Black "Joshi, Aryan"]
[Result "1-0"]
[WhiteElo "1883"]
[BlackElo "1499"]
[PlyCount "57"]

1. d4 d5 2. Nf3 Nf6 3. c4 e6 4. Nc3 Bb4 5. e3 Ne4 6. Qc2 Nd7 7. Bd3 Bxc3+ 8.
bxc3 Ndf6 9. Ba3 Nd6 10. Ne5 b6 11. cxd5 exd5 12. Qa4+ Nd7 13. Bxd6 cxd6 14.
Qc6 Rb8 15. Qxd6 Bb7 16. Bb5 Bc8 17. Nxd7 Bxd7 18. Bxd7+ Qxd7 19. Qxb8+ Qd8 20.
Qxd8+ Kxd8 21. Kd2 Re8 22. Rac1 b5 23. Rb1 a6 24. a4 Re6 25. axb5 axb5 26. Rxb5
Rd6 27. Ra1 Kd7 28. Rb7+ Ke6 29. Raa7 1-0

[Event "Tournoi Skype 013A"]
[Site "Skype"]
[Date "????.??.??"]
[Round "4.15"]
[White "Grib, Johannes"]
[Black "Karia, Vijay"]
[Result "0-1"]
[WhiteElo "1435"]
[BlackElo "1540"]
[PlyCount "52"]

1. e4 d5 2. exd5 Qxd5 3. d4 Nf6 4. Nc3 Qa5 5. Bd2 c6 6. Nf3 Bg4 7. Bc4 Nbd7 8.
O-O e6 9. d5 Qc5 10. dxe6 fxe6 11. Be2 Qh5 12. Bf4 O-O-O 13. Qe1 e5 14. Be3 Bd6
15. Qd2 Nf8 16. Ng5 e4 17. g3 Bxg3 18. Bxg4+ Nxg4 19. Qxd8+ Kxd8 20. h3 Nxe3
21. Nf7+ Qxf7 22. fxe3 Qg6 23. Rad1+ Kc8 24. Kh1 Be5 25. Ne2 Qh6 26. Rf5 Qxh3+
0-1

[Event "Tournoi Skype 013A"]
[Site "Skype"]
[Date "????.??.??"]
[Round "4.16"]
[White "Bujko, Imrich"]
[Black "Saidi, Bhen"]
[Result "1-0"]
[WhiteElo "1499"]
[BlackElo "1452"]
[PlyCount "41"]

1. e4 e5 2. Nf3 Nc6 3. Bb5 a6 4. Ba4 b5 5. Bb3 Nf6 6. O-O Bc5 7. c3 d5 8. d4
exd4 9. e5 Ne4 10. cxd4 Bb4 11. a3 Ba5 12. Qc2 Bb7 13. Rd1 O-O 14. h3 Bb6 15.
Nc3 Nxc3 16. Qxc3 Na5 17. Bc2 Nc4 18. a4 c6 19. b3 Ba5 20. Qd3 Nb6 21. Qxh7#
1-0

[Event "Tournoi Skype 013A"]
[Site "Skype"]
[Date "????.??.??"]
[Round "4.17"]
[White "Holtz, Steve"]
[Black "Legueltel, Daniel"]
[Result "0-1"]
[WhiteElo "1503"]
[BlackElo "1649"]
[PlyCount "60"]

1. d4 d5 2. c4 c6 3. Nf3 Nf6 4. e3 e6 5. Bd3 Be7 6. Qc2 dxc4 7. Bxc4 O-O 8. Bd3
h6 9. h3 Nbd7 10. Nbd2 c5 11. g4 Nd5 12. a3 cxd4 13. Nxd4 Ne5 14. Be4 Bd7 15.
N4f3 Nxf3+ 16. Nxf3 Rc8 17. Qb1 Bc6 18. Ne5 Bf6 19. Nxc6 Rxc6 20. Bd2 Qb6 21.
Ra2 Rfc8 22. O-O Rc5 23. b4 R5c7 24. Bxd5 exd5 25. Rc1 d4 26. Rxc7 Qxc7 27. e4
Be5 28. f4 Bxf4 29. Bxf4 Qxf4 30. Qf1 Rc1 0-1

[Event "Tournoi Skype 013A"]
[Site "Skype"]
[Date "????.??.??"]
[Round "4.18"]
[White "Dal, Ibrahim"]
[Black "Meaney, Mike"]
[Result "1-0"]
[WhiteElo "1645"]
[BlackElo "1503"]
[PlyCount "69"]

1. d4 Nf6 2. Nf3 e6 3. c4 c5 4. d5 d6 5. Nc3 e5 6. e4 g6 7. h3 Bg7 8. Be3 b6 9.
a4 a5 10. Qd2 Qe7 11. Bd3 Na6 12. Ng1 h6 13. Nge2 Nb4 14. Bb1 Ba6 15. Nb5 Ng8
16. O-O Bc8 17. f4 g5 18. fxg5 hxg5 19. Bxg5 f6 20. Be3 Bh6 21. Ra3 Qg7 22.
Nxd6+ Kd7 23. Nf5 Qg6 24. Bxh6 Nxh6 25. Rg3 Qh5 26. Rg7+ Kd8 27. Neg3 Qe8 28.
Nxh6 Qf8 29. Ngf5 Bxf5 30. Nxf5 Rh5 31. Rg6 Ra7 32. Ng3 Rhh7 33. Rgxf6 Qg7 34.
Rf8+ Ke7 35. Nf5+ 1-0

[Event "Tournoi Skype 013A"]
[Site "Skype"]
[Date "????.??.??"]
[Round "4.19"]
[White "Murolo, Antonio"]
[Black "Engstrom, Olle"]
[Result "0-1"]
[WhiteElo "1499"]
[BlackElo "1639"]
[PlyCount "27"]

1. d4 Nf6 2. c4 g6 3. Nc3 d5 4. e3 Bg7 5. Nf3 c6 6. Bd3 O-O 7. O-O dxc4 8. Bxc4
b5 9. Bd3 a6 10. a3 c5 11. dxc5 Nd5 12. Nxd5 Qxd5 13. Qc2 Bb7 14. Be4 0-1

[Event "Tournoi Skype 013A"]
[Site "Skype"]
[Date "????.??.??"]
[Round "4.20"]
[White "Mulrooney, Justin"]
[Black "Saponara, Jose Maria"]
[Result "1-0"]
[WhiteElo "1624"]
[BlackElo "1499"]
[PlyCount "68"]

1. d4 d5 2. c4 e6 3. Nf3 Nf6 4. Nc3 c6 5. e3 Nbd7 6. Be2 Bd6 7. O-O O-O 8. Nd2
a6 9. f3 Qc7 10. f4 c5 11. Nf3 dxc4 12. Ne5 cxd4 13. Nxc4 dxc3 14. Qxd6 Qxd6
15. Nxd6 cxb2 16. Bxb2 b5 17. Bf3 Rb8 18. Bd4 Nb6 19. Rac1 Nc4 20. Ba7 Nxd6 21.
Bxb8 Nc4 22. Ba7 Nd5 23. Kf2 Bb7 24. Bd4 Rd8 25. Rfd1 Rc8 26. g3 h6 27. e4 Ne7
28. g4 f6 29. Bc3 Ba8 30. Bb4 Ng6 31. Kg3 e5 32. f5 Nf4 33. Rd7 Re8 34. Ra7 Nd2
1-0

[Event "Tournoi Skype 013A"]
[Site "Skype"]
[Date "????.??.??"]
[Round "4.21"]
[White "Mordaa, Ahmad"]
[Black "Loyarte, Frederic"]
[Result "1-0"]
[WhiteElo "1437"]
[BlackElo "1547"]
[PlyCount "67"]

1. e4 e5 2. Nf3 Nc6 3. Bc4 Bc5 4. c3 Nf6 5. d3 d5 6. exd5 Nxd5 7. Nxe5 Bxf2+ 8.
Kxf2 Qf6+ 9. Nf3 Be6 10. Re1 O-O 11. d4 Rae8 12. Bg5 Qf5 13. Bd3 Qg4 14. Re5
Nxe5 15. dxe5 Rd8 16. Bxd8 Rxd8 17. Qc2 Kh8 18. Nbd2 Nf4 19. Bf1 Bf5 20. Qb3
Bd3 21. g3 Nh3+ 22. Bxh3 Qxh3 23. Qxf7 Qd7 24. Qxd7 Rxd7 25. e6 Re7 26. Re1 h6
27. Nh4 g5 28. Ng2 Kg7 29. Re3 Bf5 30. Nf3 Kf6 31. Nd4 Bb1 32. Rf3+ Ke5 33. a3
c5 34. Rf7 1-0

[Event "Tournoi Skype 013A"]
[Site "Skype"]
[Date "????.??.??"]
[Round "4.22"]
[White "Fouquereau, Andre"]
[Black "L'Herbon De Lussats, Jean"]
[Result "0-1"]
[WhiteElo "1537"]
[BlackElo "1495"]
[PlyCount "78"]

1. e4 c5 2. Bc4 e5 3. Nf3 d6 4. c3 Nc6 5. Qc2 h6 6. a3 Nf6 7. O-O Be7 8. b4 b6
9. Qb3 O-O 10. d3 Nh5 11. Be3 Bg5 12. Nxg5 hxg5 13. Nd2 Nf4 14. Bxf4 gxf4 15.
Bd5 Bd7 16. a4 Rb8 17. Nf3 a5 18. b5 Na7 19. c4 Qe7 20. Qc2 Qf6 21. Qd2 Qg6 22.
Nh4 Qg5 23. g3 Nc8 24. f3 Ne7 25. Rf2 Bh3 26. Ng2 Ng6 27. Kh1 Kh8 28. Rg1 f6
29. Nh4 Nxh4 30. gxh4 Qxh4 31. Rg6 Kh7 32. Rg1 g5 33. Rg4 Bxg4 34. fxg4 Qxg4
35. h3 Qd7 36. Rg2 Rh8 37. Qf2 Kg7 38. h4 Rxh4+ 39. Kg1 Rbh8 0-1

[Event "Tournoi Skype 013A"]
[Site "Skype"]
[Date "????.??.??"]
[Round "4.23"]
[White "Malbec, Robert"]
[Black "Antonic, Nenad"]
[Result "0-1"]
[WhiteElo "1520"]
[BlackElo "1486"]
[PlyCount "98"]

1. e4 c6 2. d4 d5 3. Nc3 dxe4 4. Nxe4 Bf5 5. Ng3 Bg6 6. Nf3 Nd7 7. Bc4 e6 8.
O-O h6 9. a3 Bd6 10. Ne2 Ngf6 11. Nf4 Bh7 12. Re1 Qc7 13. Nd3 Bxd3 14. Qxd3
O-O-O 15. b4 a6 16. Bb3 g5 17. Qe2 g4 18. Ne5 h5 19. g3 Nf8 20. Bg5 N8h7 21.
Bh4 Rdg8 22. c4 Ng5 23. c5 Bxe5 24. dxe5 Nf3+ 25. Kg2 Nxe1+ 26. Rxe1 Nd7 27.
Qe4 Nf8 28. Bf6 Rh6 29. Qf4 Rh7 30. Bc2 Ng6 31. Bxg6 fxg6 32. Rd1 Rd7 33. Rd6
Rxd6 34. exd6 Qd7 35. Qe5 Qf7 36. Qd4 Kd7 37. h3 gxh3+ 38. Kxh3 Rf8 39. Bh4
Qf5+ 40. Kg2 Qf3+ 41. Kg1 Qf5 42. Be7 Rf7 43. f4 e5 44. fxe5 Qf1+ 45. Kh2 Rf2+
46. Qxf2 Qxf2+ 47. Kh3 Qf5+ 48. Kg2 Qxe5 49. Kh3 Qc3 0-1

[Event "Tournoi Skype 013A"]
[Site "Skype"]
[Date "????.??.??"]
[Round "4.25"]
[White "Galani, Mahendra"]
[Black "Grimwood, Robert"]
[Result "1-0"]
[WhiteElo "1519"]
[BlackElo "1487"]
[PlyCount "65"]

1. c3 e5 2. e4 Nf6 3. d3 Bc5 4. Qf3 h6 5. Be2 d6 6. h3 Nc6 7. Qg3 Rg8 8. Nd2
Be6 9. Bd1 Qd7 10. Ne2 O-O-O 11. b4 Bxb4 12. cxb4 Nxb4 13. Nc3 d5 14. a3 Nc6
15. exd5 Nxd5 16. Nxd5 Qxd5 17. Be2 f5 18. Qf3 Qxf3 19. Nxf3 e4 20. dxe4 fxe4
21. Nh2 Nd4 22. Bd1 Bb3 23. Bg4+ Kb8 24. O-O Rge8 25. Rb1 Bc2 26. Rb2 Ba4 27.
Rb4 Bc6 28. Be3 Nc2 29. Rb3 Nxe3 30. fxe3 Rf8 31. Rc1 Rd3 32. Rb4 Re8 33. Rxc6
1-0